000 00502nam a2200157Ia 4500
008 220216s9999 xx 000 0 und d
100 _aJourdan Christophe
_cet al
245 0 _aHydric parameters and histological characteristics of Hevea brasiliensis(Muell. Arg)vitro plants during micropropagation
260 _bC R ACAD SCI SER III SCI VIE
_c1992
300 _a395-401
500 _aSource Year: 1993
650 _aHevea brasiliensis
650 _aMicropropagation
856 _uBA
942 _cJS
999 _c60545
_d60545